Central Library OPAC University of Rajshahi

Growth and Diversification of Foreign Trade : (Record no. 83416)

MARC details
000 -LEADER
fixed length control field 00976nam a2200241 a 4500
001 - CONTROL NUMBER
RUCL Control Number 83416
003 - CONTROL NUMBER IDENTIFIER
rucl marc code BD-RjUL
005 - DATE AND TIME OF LATEST TRANSACTION
control field 20240320100841.0
008 - FIXED-LENGTH DATA ELEMENTS--GENERAL INFORMATION
fixed length control field 240320s2006 bg a|||| m||| 00| 0 eng d
035 ## - SYSTEM CONTROL NUMBER
system control number (BD-RjUL)83416
040 ## - CATALOGING SOURCE
Original cataloging agency BD-RjUL
Language of cataloging eng
Transcribing agency BD-RjUL
Modifying agency BD-RjUL
041 ## - LANGUAGE CODE
Language code of Book eng
082 ## - DEWEY DECIMAL CLASSIFICATION NUMBER
DDC Edition number 23
Classification number 382.095492
Author mark and Year ASG 2006
100 ## - MAIN ENTRY--PERSONAL NAME
Personal name Ashraf, Nabi Maruf
9 (RLIN) 12432
245 10 - TITLE STATEMENT
Title Growth and Diversification of Foreign Trade :
Remainder of title Impact on the Performance of External Sector of Bangladesh Economy /
Statement of responsibility, etc By Nabi Maruf Ashraf ;
Name of Supervisor/Co-Supervisor Supervisor : M. Zainul Abedin
260 ## - PUBLICATION, DISTRIBUTION, ETC. (IMPRINT)
Place of publication, distribution, etc Rajshahi :
Name of publisher, distributor, etc Institute of Bangladesh Studies, University of Rajshahi,
Date of publication, distribution, etc 2006
300 ## - PHYSICAL DESCRIPTION
Pagination xv, 301 Leaves :
Other physical details ill, ;
Dimensions 29 cm.
502 ## - DISSERTATION NOTE
Dissertation note Thesis (Ph. D.) -- Institute of Bangladesh Studies, University of Rajshahi, 2006
504 ## - BIBLIOGRAPHY, ETC. NOTE
Bibliography, etc Bibliography : Leaves 283-301
650 ## - SUBJECT ADDED ENTRY--TOPICAL TERM
Topical term or geographic name as entry element International Commerce
Form subdivision Foreign Trade
Geographic subdivision Bangladesh
9 (RLIN) 12433
700 ## - ADDED ENTRY--SUPERVISOR/CO-SUPERVISOR NAME
Personal name Abedin, M. Zainul, Supervisor
9 (RLIN) 1323
942 ## - ADDED ENTRY ELEMENTS (KOHA)
Source of classification or shelving scheme Dewey Decimal Classification
Koha item type Theses
Holdings
Source of classification or shelving scheme Damaged status Not for loan Collection code Permanent Location Current Location Shelving location Date of accession Source of acquisition Total Checkouts Full call number Barcode Date last seen Copy number Thesis
Dewey Decimal Classification   Not For Loan Theses Central Library, University of Rajshahi Central Library, University of Rajshahi Documentation Section 14/11/2007 Controller of Exam. R. U.   THE 382.095492 ASG 2006 D2643 20/03/2024 C-I Theses